| 000 | 00652nam a2200181Ia 4500 | ||
|---|---|---|---|
| 005 | 20260429112248.0 | ||
| 008 | 260429s9999||||xx |||||||||||||| ||und|| | ||
| 020 | _a9789380565033 | ||
| 041 | _aHindi | ||
| 082 |
_a294.4921 _bKUM |
||
| 100 | _aकुमार, नारायण | ||
| 245 | 0 |
_aवेद-पुराण ग्रन्थों द्वारा प्रभावित भारतीय समाज / _cनारायण कुमार |
|
| 250 | _a1st ed. | ||
| 260 |
_aदिल्ली : _bपंकज प्रकाशन, _c2010. |
||
| 300 | _av, 328 p.; Hb | ||
| 650 | _aVed-Purana - indian Society | ||
| 942 | _cTB | ||
| 999 |
_c53192 _d53192 |
||